KOHA-Header-6

Europe Under US Imperialism (Record no. 13258)

000 -LEADER
fixed length control field 00289nam a22001217a 4500
020 ## - INTERNATIONAL STANDARD BOOK NUMBER
ISBN 9789697280384
082 ## - DEWEY DECIMAL CLASSIFICATION NUMBER
Classification number QP535.C2
100 ## - MAIN ENTRY--AUTHOR NAME
Personal name Dr Sahar Afshan
245 ## - TITLE STATEMENT
Title Europe Under US Imperialism
260 ## - PUBLICATION, DISTRIBUTION, ETC. (IMPRINT)
Place of publication Lahore Pakistan
Name of publisher Peace Publications
Year of publication 2021
300 ## - PHYSICAL DESCRIPTION
Number of Pages 190 pages
942 ## - ADDED ENTRY ELEMENTS (KOHA)
Koha item type Books
Holdings
Withdrawn status Lost status Collection code Permanent Location Current Location Shelving location Date acquired Full call number Accession Number Koha item type
    English Literature MAJU MAJU Shelf No.A15 2022-03-01 QP535.C2 10255 English Literature

Powered by Koha